Sokak Erkeği (Record no. 3000)

000 -LEADER
fixed length control field 00470nam a22001817a 4500
008 - FIXED-LENGTH DATA ELEMENTS--GENERAL INFORMATION
fixed length control field 190114b ||||| |||| 00| 1 eng d
020 ## - INTERNATIONAL STANDARD BOOK NUMBER
International Standard Book Number 975480026X
041 ## - LANGUAGE CODE
Language code of text/sound track or separate title Türkçe
050 ## - LIBRARY OF CONGRESS CALL NUMBER
Classification number PL248.E64
100 ## - MAIN ENTRY--PERSONAL NAME
9 (RLIN) 1471
Personal name Erbulak, Füsun
245 ## - TITLE STATEMENT
Title Sokak Erkeği
250 ## - EDITION STATEMENT
Edition statement 1.Baskı
260 ## - PUBLICATION, DISTRIBUTION, ETC.
Place of publication, distribution, etc. İstanbul:
Name of publisher, distributor, etc. Cep Kitapları,
Date of publication, distribution, etc. 1990
300 ## - PHYSICAL DESCRIPTION
Extent 110 Sayfa
500 ## - GENERAL NOTE
General note Cep Kitapları : 73 / Anlatı Dizisi : 035
650 #0 - SUBJECT ADDED ENTRY--TOPICAL TERM
9 (RLIN) 145
Topical term or geographic name entry element Türk Edebiyatı
942 ## - ADDED ENTRY ELEMENTS (KOHA)
Source of classification or shelving scheme
Koha item type Books
Holdings
Withdrawn status Lost status Source of classification or shelving scheme Damaged status Not for loan Permanent Location Current Location Shelving location Date acquired Full call number Barcode Date last seen Price effective from Koha item type
        Ödünç verilemez İmren Ahmet Tüzün Kütüphanesi İmren Ahmet Tüzün Kütüphanesi Ahmet Tüzün 2019-01-14 PL248.E64 100100002948 2019-01-14 2019-01-14 Books

This software was implemented, installed and managed by Devinim Software Training Consulting .